Southville International School and Colleges
Your cart is empty.
  • Cart
  • Lists
    Public lists Eva Luna New books Lux_list list_1
    Your lists Log in to create your own lists
  • Log in to your account
  • Your cookies
  • Search history
Southville International School and Colleges
  • Advanced search
  • Recent comments
  • Most popular
  • Libraries

Log in to your account

Log in with GOOGLE


If you do not have an external account, but do have a local account, you can still log in:

  1. Home
  2. MARC view: Cost accounting :
Normal view MARC view ISBD view

Cost accounting : (Record no. 276775)

[ view plain ]
MARC details
000 -LEADER
fixed length control field 00610nam a22001817a 4500
005 - DATE AND TIME OF LATEST TRANSACTION
control field 20141110163649.0
008 - FIXED-LENGTH DATA ELEMENTS--GENERAL INFORMATION
fixed length control field 141110b xxu||||| |||| 00| 0 eng d
020 ## - INTERNATIONAL STANDARD BOOK NUMBER
International Standard Book Number 9780273779858
050 ## - LIBRARY OF CONGRESS CALL NUMBER
Classification number HF 5686.C8
Item number .H784 2013
100 ## - MAIN ENTRY--PERSONAL NAME
Relator code 1926
Personal name Horngren, Charles T.
245 ## - TITLE STATEMENT
Title Cost accounting :
Remainder of title a managerial emphasis /
Statement of responsibility, etc Charles T. Horngren, Srikant M. Datar, Madhav V. Rajan.
250 ## - EDITION STATEMENT
Edition statement 14th ed.
260 ## - PUBLICATION, DISTRIBUTION, ETC. (IMPRINT)
Place of publication, distribution, etc Upper Saddle River, N.J. :
Name of publisher, distributor, etc Pearson/Prentice Hall,
Date of publication, distribution, etc c2013.
300 ## - PHYSICAL DESCRIPTION
Extent 892 pages :
Other physical details illustrations ;
Dimensions 29 cm.
521 ## - TARGET AUDIENCE NOTE
Target audience note Accountancy
650 ## - SUBJECT ADDED ENTRY--TOPICAL TERM
Topical term or geographic name as entry element Cost accounting.
942 ## - ADDED ENTRY ELEMENTS (KOHA)
Source of classification or shelving scheme Library of Congress Classification
Koha item type Books
Call number prefix Filipininana
Holdings
Withdrawn status Lost status Source of classification or shelving scheme Damaged status Home library Current library Shelving location Date acquired Source of acquisition Sub Shelving location Total Checkouts Total Renewals Full call number Barcode Date last seen Date checked out Price effective from Koha item type
    Library of Congress Classification   College Library College Library Reserve Section 11/10/2014 Library Fund   4 27 HF 5686.C8 .H784 2013 C18894 06/02/2020 03/04/2020 11/10/2014 Books

Cost accounting :

APA

Horngren C. T., . (2013). Cost accounting. Upper Saddle River, N.J: Pearson/Prentice Hall.

Chicago

Horngren Charles T, . 2013. Cost accounting. Upper Saddle River, N.J: Pearson/Prentice Hall.

Harvard

Horngren C. T., . (2013). Cost accounting. Upper Saddle River, N.J: Pearson/Prentice Hall.

MLA

Horngren Charles T, . Cost accounting. Upper Saddle River, N.J: Pearson/Prentice Hall. 2013.

  • Place hold
  • Print
  • Cite
  • Add to your cart (remove)
  • Save record
    BIBTEX Dublin Core MARCXML MARC (non-Unicode/MARC-8) MARC (Unicode/UTF-8) MARC (Unicode/UTF-8, Standard) MODS (XML) RIS
  • More searches
    Search for this title in:
    Other Libraries (WorldCat) Other Databases (Google Scholar) Online Stores (Bookfinder.com) Open Library (openlibrary.org)

Exporting to Dublin Core...

SOUTHVILLE LIBRARY

Southville International School and Colleges Library

1281 Tropical Ave. Cor. Luxembourg St., BF Homes International, Las Pinas City

Tel. No. 8256374 / 252358 Loc. 117/146

Powered by Koha